| 000 | 01954nam a2200289Ia 4500 | ||
|---|---|---|---|
| 999 |
_c42051 _d42051 |
||
| 001 | 8741 | ||
| 003 | GE_BSU | ||
| 005 | 20240513113341.0 | ||
| 008 | 181216s2013||||ge |||||||||||||| ||geo|| | ||
| 020 | _a9789941934650 | ||
| 040 | _cGE_BSU | ||
| 041 | _ageo | ||
| 080 | _a347.998.2 ნ–33 | ||
| 245 |
_aნაფიც მსაჯულთა ინსტიტუი საქართველოში=the institution of Trial by Jury in Georgia / _cპროექტის მონაწილენი : გურამ ნაჭყებია, მზია ლეკვეიშვილი, მაია ივანიძე [და სხვ.] ; მთარგმნ. კახა წიქარიშვილი ; ფონდი ღია საზოგადოება საქართველო. |
||
| 264 |
_aთბილისი : _bშპს"საინფორმაციო–ანალიტიკური სააგენტო ივერიონი, _c2013. |
||
| 300 |
_a612 გვ. ; _c20 სმ. |
||
| 504 | _aბიბლიოგრ. ტექსტ. შენიშვნ. | ||
| 546 | _aთავფურ., ტექსტი, ყდა ქართულ და ინგლისურ ენებზე | ||
| 653 | _aნაფიც მსაჯულთა ინსტიტუი საქართველოში | ||
| 700 |
_aნაჭყებია, გურამ _e ავტორი _9219 |
||
| 700 |
_aლეკვეიშვილი, მზია _eავტორი _922060 |
||
| 700 |
_aთუმანიშვილი, გიორგი _eავტორი _95244 |
||
| 700 |
_aგოგნიაშვილი, ნინო _eავტორი _99289 |
||
| 700 |
_aბოხაშვილი, ირინე _eავტორი _96814 |
||
| 700 |
_aწიქარიშვილი, კახა _eმთარგმნელი _95935 |
||
| 942 |
_cBK _2udc |
||